02138cam a22004574i 4500003000900000005001700009008004100026020001500067020001800082035002000100040003300120049000900153082002400162100003800186245010000224264005100324300004500375336002100420337002500441338002300466505057000489526001001059526001001069526001001079526001001089526000801099526000801107526000801115526000801123526000801131526000801139526000801147650004401155650004901199942001401248994001401262596000601276999016601282980005501448952017701503PE-LiUPU20250731172902.0150706s2016 txu r 000 0 eng d a1481302590 a9781481302593 a(Sirsi) a165987 aPE-LiUPUbspacPE-LiUPUerda aPRUA04a266.615692bT792231 aTrexler, Melanie,d1982-,eautor.10aEvangelizing Lebanon :bbaptists, missions, and the question of cultures /cMelanie E. Trexler. 1aWaco, Texas :bBaylor University Press,c2016. axviii, 258 páginas ;c24 centímetros atext2rdacontent aunmediated2rdamedia avolume2rdacarrier0 aCover; Half Title Page, Title Page, Copyright, Dedication; Contents; Acknowledgments; Preface; Abbreviations; Introduction -- 1. Landmarkers in the Holy Land: Ottomans, Landmarkers, and the Formation of a Southern Baptist Mission in the Holy Land (1893-1919) -- 2. Building a Baptist Community in Beirut: Said Jureidini and the Arrival of the Near East Baptist Mission (1900-1948) -- 3. Reform, Resistance, and Rebellion: The NEBM Program of Advance and the Arab-Israeli Conflict (1948-1968) -- 4. A Mission to Muslims: From ""Gospel Bomb"" to Dialogue (1969-1974). aSEG42 aSEG41 aSEG40 aSEG39 aP94 aP87 aP86 aP85 aP77 aP76 aP3504aMisiones, AmericanzLíbanoxHistoria.04aTrabajo evangelísticozLíbanoxHistoria. 2ddccBOOK aC0bPEPRU a1 a266.615692 T79wLCc14724i75212d14724e2017-6-25f2021-11-10g5lCCODEBUL1mBULn1p49.95r0sYtBOOKu2017-1-11xTEOLOGIAPP85o.STAFF. Colección Teología 81gALBERTO SANCHEZ Responsable de Automatización r2025-12-02 00:00:00i6l1o266.615692 T79p75212s2017-06-25te1v54.95w2017-01-11xPGyBKzinventario-2023-12-13102ddc50708GENfP85aBULbBULcGENd2017-01-11g49.95